Štáty Európy - Statistics

General Stats
  • This quiz has been taken 45 times
  • The average score is 28 of 45
Answers on the Map
Answers color-coded by a green-red scale on the quiz's map according to % correct below.
 
Answer Stats
Answer % Correct
Česko
86%
Nemecko
82%
Polsko
82%
Slovensko
82%
Slovinsko
82%
Írsko
77%
Rakúsko
77%
Spojené kráľovstvo
77%
Nórsko
73%
Švédsko
73%
Ukrajina
73%
Bielorusko
68%
Island
68%
Maďarsko
64%
Malta
64%
Moldavsko
64%
Portugalsko
64%
Rusko
64%
Španielsko
64%
Belgicko
59%
Chorvátsko
59%
Dánsko
59%
Estónsko
59%
Fínsko
59%
Francúzsko
59%
Grécko
59%
Holandsko
59%
Lichtenšteinsko
59%
Luxembursko
59%
Rumunsko
59%
Švajčiarsko
59%
Taliansko
59%
Bulharsko
55%
Lotyšsko
55%
Vatikán
55%
Albánsko
50%
Bosna a Hercegovina
50%
Čierna hora
50%
Monako
50%
San Marino
50%
Srbsko
50%
Andorra
45%
Litva
45%
Severné Macedónsko
45%
Kosovo
41%
No matching quizzes found
Score Distribution
Percent of People with Each Score
Percentile by Number Answered
Your Score History
You have not taken this quiz